1794. (Record no. 52268)

MARC details
000 -LEADER
fixed length control field 00857cam a22002531 4500
001 - CONTROL NUMBER
control field rc 01002217
003 - CONTROL NUMBER IDENTIFIER
control field DLC
005 - DATE AND TIME OF LATEST TRANSACTION
control field 20260227111905.0
008 - FIXED-LENGTH DATA ELEMENTS--GENERAL INFORMATION
fixed length control field 720830s1882 ohubcf 000 0ceng
010 ## - LIBRARY OF CONGRESS CONTROL NUMBER
LC control number rc 01002217
035 ## - SYSTEM CONTROL NUMBER
System control number (OCoLC)395286
040 ## - CATALOGING SOURCE
Original cataloging agency DLC
Transcribing agency ONcM
Modifying agency OCoLC
-- ICN
-- DLC
042 ## - AUTHENTICATION CODE
Authentication code premarc
043 ## - GEOGRAPHIC AREA CODE
Geographic area code n-us-oh
050 00 - LIBRARY OF CONGRESS CALL NUMBER
Classification number F497.M9
Item number E9
100 1# - MAIN ENTRY--PERSONAL NAME
Personal name Everhart, J. F.
245 10 - TITLE STATEMENT
Title 1794.
Remainder of title History of Muskingum County, Ohio,
-- with illustrations and biographical sketches of prominent men and pioneers.
260 ## - PUBLICATION, DISTRIBUTION, ETC.
Place of publication, distribution, etc. [Columbus, O.]
Name of publisher, distributor, etc. F.J. Everhart & Co.,
Date of publication, distribution, etc. 1882.
300 ## - PHYSICAL DESCRIPTION
Extent 480 p.
Other physical details front. (map) plates, ports.
Dimensions 31 cm.
500 ## - GENERAL NOTE
General note "Publisher's preface" signed: A. A. Graham.
651 #0 - SUBJECT ADDED ENTRY--GEOGRAPHIC NAME
Geographic name Muskingum County (Ohio)
General subdivision History.
700 1# - ADDED ENTRY--PERSONAL NAME
Personal name Graham, A. A.
Fuller form of name (Albert Adams),
Dates associated with a name 1848-
740 0# - ADDED ENTRY--UNCONTROLLED RELATED/ANALYTICAL TITLE
Uncontrolled related/analytical title History of Muskingum County, Ohio

No items available.

Powered by Koha